| 000 | 01548nam0a2200433 4500 | ||
|---|---|---|---|
| 001 | RU\NLR\bibl\266974 | ||
| 005 | 20250620131733.0 | ||
| 010 |
_a5-224-03223-7 _95000 |
||
| 021 |
_aRU _b2001-64536 _93138 |
||
| 035 | _a(NLR Aleph) 000262542 | ||
| 090 |
_a1533865 _c1533865 |
||
| 100 | _a20020517d2001 |||y0rusy50 ca | ||
| 101 | 0 | _arus | |
| 102 | _aRU | ||
| 105 | _aa ||||||||| | ||
| 200 | 1 | _aДрака на ножах | |
| 210 |
_aМ. _cОЛМА-пресс _d2001 |
||
| 215 |
_a286,[1] с., [8] л. ил. _cил. _d26 |
||
| 225 | 1 | _aСерия "Бойцовский клуб" | |
| 606 | 0 |
_aОружие холодное _xКлассификация _92251225 _3RU\NLR\auth\661350313 |
|
| 606 | 0 |
_aХолодное оружие _xКлассификация _92251214 _3RU\NLR\auth\661350308 |
|
| 606 | 0 |
_aБоевые ножи _xБоевое применение _92251206 _3RU\NLR\auth\661350304 |
|
| 606 | 0 |
_aСамооборона _91367318 _3RU\NLR\auth\66572567 |
|
| 606 | 0 |
_aОружие _xПравовые вопросы _yРоссийская Федерация _92073708 _3RU\NLR\auth\661248642 |
|
| 610 | 0 | _aХолодное оружие | |
| 610 | 0 | _aСамооборона | |
| 675 |
_a796.853.4 _v3 _zrus |
||
| 686 |
_a77 _2rugasnti |
||
| 686 |
_a75.716 _2rubbk |
||
| 686 | _aЦ908ц | ||
| 686 | _aЦ908-91 | ||
| 686 | _aЦ4,6(2Р)361.12 | ||
| 686 | _aХ621.163.16 | ||
| 801 | 0 |
_aRU _bRKP _c20020517 _gPSBO |
|
| 801 | 1 |
_aRU _bRKP _c20020517 |
|
| 801 | 2 |
_aRU _bNLR _c20050803 _grcr |
|
| 942 | _cBOOK | ||
| 980 | _aNB | ||